000
00236 a2200097 4500
001
10856
100
_a
M. Ali Muhiyaddin
245
_a
A comparative Study of the Religions of Today
260
_a
_b
Vantage Press
_c
090
_c
8433
_d
8433
942
_a
NUST-CAE
_c
M
_c
35193
999
_c
245929
_d
245929